Statistics for Country flags with the southern cross

Click here to take the quiz!

General Stats

  • This quiz has been taken 13 times
  • The average score is 4 of 5

Answer Stats

Answer% Correct
Australia
100%
New Zealand
89%
Papua New Guinea
89%
Brazil
56%
Samoa
56%

Score Distribution

Percentile by Number Answered

Percent of People with Each Score

Your Score History

You have not taken this quiz